000 00277nam a2200109Ia 4500
001 1261809
005 20260417140359.0
008 260417s9999 xx 000 0 und d
020 _a9786253694760
245 0 _aVerda’nın Ölümü
_cİnci Aral
260 _bEverest Yayınları
999 _c1261809
_d1261809